000 00275nam a2200109Ia 4500
008 200302s9999 xx 000 0 und d
100 _aMichael T Callahan and others
245 _aConstruction project Sheduling
260 _bMcgraw Hill
260 _c2014
300 _a439 P.,
999 _c4002
_d4002